1127 1480 1454 1937 1517 1248 1465 1791 1821 1334 1159 1783 1657 1234 1758 1445 1263 1785 1703 1189 1378 1332 1631 1833 1959 1709 1135 1293 1010 1961 1715 1652 1330 1695 1159 1251 1321 1379 1706 1403 1378 1782 1605 1307 1601 1382 1674 1293 1472 1035 1871 1167 1870 1144 1758 1239 1660 1651 1094 1880 1226 1011 1295 1903 1291 1397 1225 1355 1110 1670 1047 1005 1930 1973 1615 1720 1112 1740 1035 1175 1581 1489 1137 1901 1342 1116 1479 1096 1778 1433 1921 1233 1884 1441 1616 1245 1188 1002 1577 BCNSPRNW ULIB Ver.6.0+V

เปลี่ยนเป็นภาษาไทย

Change to English
 แสดงรายละเอียดบรรณานุกรม
  กลับหน้าหลัก

Brief Record : Get Marc (ISO 2709) : E-mail record : QR code < ปิดหน้าต่าง
LEADER : 00000nam 2200000uu 4500
001    13399111560
003     ULIB
008    110701s||||||||th 000 0 tha d
020    9749916956
020    9789749916957
050  4 BQ339^bล226ต 2551
100 0  ลักษณา จีระจันทร์
245 10 ตามรอยพระพุทธเจ้า /^cลักษณา จีระจันทร์
250    พิมพ์ครั้งที่ 8
260    กรุงเทพฯ :^bแพรวสำนักพิมพ์,^c2551
300    266 หน้า :^bภาพปะรกอบ ;^c21 ซม.
440  0 สารคดี ;^vลำดับที่ 49
650  7 พุทธศาสนา^zอินเดีย^xประวัติ
650  7 พระพุทธเจ้า^xชีวประวัติ
945    ^p225^l0^i024656
995    ทศพร
999 ^a ใช้งานได้ทุกระบบ
รายการนี้ยังไม่มีแท็ก
คุณยังไม่ได้ล็อกอิน คุณสามารถมีกิจกรรมร่วมกับเว็บไซต์ได้ แต่ต้องล็อกอินก่อน ::
  ล็อกอิน

รายการสื่อสารสนเทศ

ลำดับที่ ประเภท เลขเรียก/บาร์โค้ด สถานที่ สถานะ
- ไม่พบข้อมูล -

BibComment


ยังไม่เคยถูกคอมเมนท์

คอมเมนท์ทรัพยากรรายการนี้
  คอมเมนท์: ตามรอยพระพุทธเจ้า..


 Copyright 2026. Bcnsprnw @Library